000
00327nam a2200133Ia 4500
100
_a
Sieflex
942
_c
BK
654
_a
Engineering
245
_a
Engineering Industry & Technology : Survey 1991-92
260
_b
SIEFLEX : Automation & Robotics
_a
Madras
_c
1992
082
_a
620
_b
PAN
546
_a
ENGLISH
999
_c
26276
_d
26276